Semilla de papa de buena calidad: (Registro nro. 19762)

Detalles MARC
000 -CABECERA
Campo de control 00728nam a22002297a 4500
005 - FECHA Y HORA DE LA ULTIMA TRANSACCION
Campo de control 20171115170758.0
008 - ELEMENTOS DE LONGITUD FIJA—INFORMACION GENERAL
Campo de control 170818b2000 ck ||||| |||| 00| 0 spa d
040 ## - FUENTE DE CATALOGACIÓN
Agencia catalogadora original CO-BoIAVH
Agencia transcriptora CO-BoIAVH
041 ## - IDIOMA
Código de idioma para texto/pista de sonido o título separado Español
044 ## - PAÍS DE PUBLICACIÓN
País de publicación Colombia
090 ## - CLASIFICACIÓN LOCAL
Colección FG-
Consecutivo 0150
100 1# - ASIENTO PRINCIPAL--NOMBRE PERSONAL
Nombre personal Corzo, Pedro
9 (RLIN) 83440
245 10 - MENCION DE TITULO
Título Semilla de papa de buena calidad:
Parte restante del título Curso-Taller
260 ## - PUBLICACION, DISTRIBUCION, ETC. (PIE DE IMPRENTA)
Lugar de publicación, distribución, etc. Bogotá:
Nombre del editor, distribuidor, etc. Corpoica;
-- Fedepapa;
-- Cevipapa;
-- Universidad Nacional de Colombia;
-- Ica,
Fecha de publicación, distribución, etc. 2000.
300 ## - DESCRIPCION FISICA
Extensión 54 páginas
Otros detalles físicos ilustraciones,
504 ## - NOTA DE BIBLIOGRAFIA, ETC.
Nota de bibliografía Incluye referencias bibliográficas
650 #0 - ASIENTO SECUNDARIO DE MATERIA - TERMINO TEMATICO
Término temático o nombre geográfico como elemento de entrada Papa
Subdivisión general cultivos
9 (RLIN) 86958
700 1# - ASIENTO SECUNDARIO - NOMBRE PERSONAL
Nombre personal Fierro, Luis H.
9 (RLIN) 83442
700 1# - ASIENTO SECUNDARIO - NOMBRE PERSONAL
Nombre personal Franco, Beatríz
9 (RLIN) 83443
700 1# - ASIENTO SECUNDARIO - NOMBRE PERSONAL
Nombre personal Moreno, José D.
9 (RLIN) 83444
942 ## - ELEMENTOS ADICIONALES (KOHA)
Sistema de clasificación Local
Tipo de ítem Folleto
Existencias
Withdrawn status Lost status Sistema de Clasificación Damaged status No para préstamo Colección Ubicación Permanente Ubicación actual Fecha de adquisición Total Checkouts Número topográfico Inventario / Código de Barras Date last seen Ejemplar Price effective from Forma de adquisición Tipo de material
    Local     Hemeroteca Bogotá Bogotá 18/08/2017   FG-0150 042671 18/08/2017 Ej. 1 18/08/2017 Canje Folleto